000
00323nam a2200133Ia 4500
008
191014s9999 xx 000 0 und d
020
_a
LC 55-6170
082
_a
530.12
_b
SCH
100
_a
Leonard I.Schiff
_9
20360
245
0
_a
Quantum Mechanics
260
_a
USA
_b
Mc Graw Hill
_c
1955
300
_a
Xii,417
942
_c
BK
999
_c
530937
_d
530937